000 002420000a22001210004500
082 0 4 _aGI CD D632bb
110 1 _aWalt Disney
245 1 0 _aBambi / Walt Disney
300 _a24 P.
650 1 4 _aLiteratura Infantil
001 308
942 _cLGB
999 _c47553
_d47553